00603nam a2200181Ia 4500008004100000041000800041082001700049100001600066245003700082250002000119260002000139300000800159365001600167700003000183906003300213999001900246952015600265230718s9999 xx 000 0 und d aeng a621.313bBAK aBakshi U.A. aElectrical Circuits And Machines a5th Revised ed. c2009bTechnical a654 cRs.b395.00 aBakshi U.A. & Bakshi V.U. dB:203111-Jan-2009cSSb671.5 c320653d320653 01104070aCCEPbCCEPd2009-03-03eOm Book StallfSSg327.85i2031o621.313pCCEP-BK-31860r2023-07-18 00:00:00t671.5v395.00w2009-01-11yBKz031860